Normal view
MARC view
- Fundamental of Computer programming and information Technology
Entry Topical Term
001 - CONTROL NUMBER
- control field: 291
003 - CONTROL NUMBER IDENTIFIER
- control field: JO-AjAnu
005 - DATE AND TIME OF LATEST TRANSACTION
- control field: 20230606070342.0
008 - FIXED-LENGTH DATA ELEMENTS
- fixed length control field: 230606|| aca||aabn | a|a d
040 ## - CATALOGING SOURCE
- Original cataloging agency: JO-AjAnu
- Transcribing agency: JO-AjAnu
150 ## - HEADING--TOPICAL TERM
- Topical term or geographic name entry element: Fundamental of Computer programming and information Technology
670 ## - SOURCE DATA FOUND
- Source citation: Work cat.: (JO-AjAnu)152: SINGh,Gurdip, author 290, Fundamental of Computer programming and information Technology